000 00337nam a2200169Ia 4500
100 _aAxelson/Jan
650 _aUSB
942 _cBK
366 _f25
654 _aUSB
245 _aUSB embedded Hosts:Developers guide
260 _bPenram
_c2015
082 _bAXE
300 _a152
546 _aENGLISH
_cPAMPHALETS
999 _c24232
_d24232